<?xml version="1.0" encoding="UTF-8"?>
<record
    xmlns:xsi="http://www.w3.org/2001/XMLSchema-instance"
    xsi:schemaLocation="http://www.loc.gov/MARC21/slim http://www.loc.gov/standards/marcxml/schema/MARC21slim.xsd"
    xmlns="http://www.loc.gov/MARC21/slim">

  <leader>01190nam a2200325 i 4500</leader>
  <controlfield tag="003">OSt</controlfield>
  <controlfield tag="005">20200805144532.0</controlfield>
  <controlfield tag="008">200730s2019    cc a   g      000 0 chi d</controlfield>
  <datafield tag="020" ind1=" " ind2=" ">
    <subfield code="a">9787559630551</subfield>
    <subfield code="c">RM52.60</subfield>
    <subfield code="q">paperback</subfield>
  </datafield>
  <datafield tag="040" ind1=" " ind2=" ">
    <subfield code="a">PPAK</subfield>
    <subfield code="b">eng</subfield>
    <subfield code="c">PPAK</subfield>
    <subfield code="e">rda</subfield>
  </datafield>
  <datafield tag="041" ind1="1" ind2=" ">
    <subfield code="a">chi</subfield>
    <subfield code="h">jpn</subfield>
  </datafield>
  <datafield tag="082" ind1="0" ind2="4">
    <subfield code="2">23</subfield>
    <subfield code="a">028.9</subfield>
  </datafield>
  <datafield tag="090" ind1="0" ind2="0">
    <subfield code="a">028.9</subfield>
    <subfield code="b">FUJ</subfield>
    <subfield code="d">G</subfield>
  </datafield>
  <datafield tag="100" ind1="1" ind2=" ">
    <subfield code="6">880-01</subfield>
    <subfield code="a">Fujiwara, Kazuhiro,</subfield>
    <subfield code="d">1981-</subfield>
    <subfield code="e">author.</subfield>
  </datafield>
  <datafield tag="245" ind1=" " ind2=" ">
    <subfield code="6">880-02</subfield>
    <subfield code="a">Ru he you xiao yue du yi ben shu : </subfield>
    <subfield code="b">chao shi yong bi ji du shu fa /</subfield>
    <subfield code="c">(Japanese) Kazuhiro Fujiwara; Translated by Zhong Xiaoyuan</subfield>
  </datafield>
  <datafield tag="246" ind1="1" ind2="3">
    <subfield code="a">'Honwo yomuhitodakega tenisurumono"</subfield>
    <subfield code="i">Translation of:</subfield>
  </datafield>
  <datafield tag="246" ind1="3" ind2="3">
    <subfield code="a">How to read effectively </subfield>
  </datafield>
  <datafield tag="250" ind1=" " ind2=" ">
    <subfield code="a">Di 1 ban</subfield>
  </datafield>
  <datafield tag="264" ind1=" " ind2="1">
    <subfield code="a">Beijing : </subfield>
    <subfield code="b">Bei jing lian he chu ban gong si, </subfield>
    <subfield code="c">2019</subfield>
  </datafield>
  <datafield tag="300" ind1=" " ind2=" ">
    <subfield code="a">195 pages :</subfield>
    <subfield code="b">illustrations ;</subfield>
    <subfield code="c">21 cm</subfield>
  </datafield>
  <datafield tag="336" ind1=" " ind2=" ">
    <subfield code="2">rdacontent</subfield>
    <subfield code="a">text</subfield>
  </datafield>
  <datafield tag="337" ind1=" " ind2=" ">
    <subfield code="2">rdamedia</subfield>
    <subfield code="a">unmediated</subfield>
  </datafield>
  <datafield tag="338" ind1=" " ind2=" ">
    <subfield code="2">rdacarrier</subfield>
    <subfield code="a">volume</subfield>
  </datafield>
  <datafield tag="546" ind1=" " ind2=" ">
    <subfield code="a">Text in Chinese script.</subfield>
  </datafield>
  <datafield tag="650" ind1="1" ind2="0">
    <subfield code="a">Books and reading</subfield>
  </datafield>
  <datafield tag="700" ind1="1" ind2=" ">
    <subfield code="a">Zhong, Xiaoyuan,</subfield>
    <subfield code="e">translator.</subfield>
  </datafield>
  <datafield tag="880" ind1=" " ind2=" ">
    <subfield code="6">100-01</subfield>
    <subfield code="a">&#x85E4;&#x539F;&#x548C;&#x535A;.,</subfield>
    <subfield code="d">1981-</subfield>
    <subfield code="e">author.</subfield>
  </datafield>
  <datafield tag="880" ind1=" " ind2=" ">
    <subfield code="6">245-02</subfield>
    <subfield code="a">&#x5982;&#x4F55;&#x6709;&#x6548;&#x9605;&#x8BFB; </subfield>
    <subfield code="c">&#x85E4;&#x539F;&#x548C;&#x535A;. (&#x65E5;)&#x85E4;&#x539F;&#x548C;&#x535A;&#x8457;;&#x949F;&#x5C0F;&#x6E90;&#x8BD1;. </subfield>
  </datafield>
  <datafield tag="942" ind1=" " ind2=" ">
    <subfield code="2">ddc</subfield>
    <subfield code="c">B</subfield>
  </datafield>
  <datafield tag="999" ind1=" " ind2=" ">
    <subfield code="c">178424</subfield>
    <subfield code="d">178424</subfield>
  </datafield>
  <datafield tag="952" ind1=" " ind2=" ">
    <subfield code="0">0</subfield>
    <subfield code="7">0</subfield>
    <subfield code="b">PPAK</subfield>
    <subfield code="c">G</subfield>
    <subfield code="d">2020-09-03</subfield>
    <subfield code="l">18</subfield>
    <subfield code="m">4</subfield>
    <subfield code="o">028.9 FUJ</subfield>
    <subfield code="p">A01646126</subfield>
    <subfield code="r">2026-04-08 11:03:51</subfield>
    <subfield code="s">2026-03-18</subfield>
    <subfield code="y">B</subfield>
  </datafield>
  <datafield tag="952" ind1=" " ind2=" ">
    <subfield code="0">0</subfield>
    <subfield code="7">0</subfield>
    <subfield code="b">SP</subfield>
    <subfield code="c">G</subfield>
    <subfield code="d">2020-09-03</subfield>
    <subfield code="l">8</subfield>
    <subfield code="m">2</subfield>
    <subfield code="o">028.9 FUJ</subfield>
    <subfield code="p">A01646127</subfield>
    <subfield code="r">2025-02-01 17:54:15</subfield>
    <subfield code="s">2024-12-18</subfield>
    <subfield code="y">B</subfield>
  </datafield>
</record>
